[Event "Rhodes Easter Open"]
[Site "Rhodes"]
[Date "2022.04.28"]
[Round "8.1"]
[White "Toktomushev, Teimur"]
[Black "Krivenko, Dion"]
[Result "0-1"]
[WhiteElo "1946"]
[BlackElo "2025"]
[PlyCount "92"]
[EventDate "2022.??.??"]
[EventCountry "GRE"]
[WhiteTeam "Ukraine"]
[BlackTeam "Estonia"]
[WhiteTeamCountry "UKR"]
[BlackTeamCountry "EST"]

1. d4 Nf6 2. c4 d6 3. Nc3 e5 4. Nf3 Nbd7 5. e4 g6 6. g3 Bg7 7. Bg2 O-O 8. O-O
c6 9. Qc2 Qa5 10. Rd1 exd4 11. Nxd4 Qh5 12. Qe2 Qa5 13. h3 Re8 14. Bf4 Ne5 15.
Rac1 a6 16. b3 Nh5 17. Bd2 Qc7 18. Be3 Nd7 19. g4 Nhf6 20. Bf4 Ne5 21. Bg3 h5
22. g5 Nh7 23. f4 Nd7 24. Qf2 Qb6 25. Na4 Qa5 26. h4 Nhf8 27. Nc2 b5 28. Rxd6
bxa4 29. b4 Qc7 30. e5 Bb7 31. c5 Ne6 32. f5 gxf5 33. Qxf5 Nef8 34. Re1 Qc8 35.
e6 Rxe6 36. Rf1 Qe8 37. Bf3 Rxd6 38. Bxd6 Ng6 39. Bxh5 Nde5 40. Bxg6 fxg6 41.
Qf4 Qe6 42. Re1 Re8 43. h5 gxh5 44. Rf1 Qg4+ 45. Qxg4 Nxg4 46. g6 Bf6 0-1

[Event "Rhodes Easter Open"]
[Site "Rhodes"]
[Date "2022.04.28"]
[Round "8.2"]
[White "Yaramis, Hakan"]
[Black "Goroshkov, Maksym"]
[Result "1/2-1/2"]
[WhiteElo "2021"]
[BlackElo "2111"]
[PlyCount "53"]
[EventDate "2022.??.??"]
[EventCountry "GRE"]
[WhiteTeam "Turkey"]
[BlackTeam "Ukraine"]
[WhiteTeamCountry "TUR"]
[BlackTeamCountry "UKR"]

1. d4 d5 2. Nf3 Nf6 3. c4 e6 4. Nc3 c6 5. Bg5 Be7 6. e3 Nbd7 7. cxd5 exd5 8.
Bd3 h6 9. Bh4 O-O 10. Qc2 Re8 11. O-O Ne4 12. Bg3 Nxg3 13. hxg3 Bd6 14. Rab1
Nf6 15. b4 a6 16. a4 Qe7 17. b5 axb5 18. axb5 Ra3 19. bxc6 bxc6 20. Rfc1 Bg4
21. Ne2 g5 22. Rb3 Rxb3 23. Qxb3 Rb8 24. Qa4 Bd7 25. Rb1 Qd8 26. Rxb8 Qxb8 27.
Qc2 1/2-1/2

[Event "Rhodes Easter Open"]
[Site "Rhodes"]
[Date "2022.04.28"]
[Round "8.3"]
[White "Skytte, Rasmus"]
[Black "Rousos, Stamatios"]
[Result "1-0"]
[WhiteElo "2357"]
[BlackElo "1732"]
[PlyCount "75"]
[EventDate "2022.??.??"]
[EventCountry "GRE"]
[WhiteTeam "Denmark"]
[BlackTeam "Greece"]
[WhiteTeamCountry "DEN"]
[BlackTeamCountry "GRE"]

1. e4 c5 2. Nf3 Nc6 3. Bc4 e6 4. O-O Nf6 5. Re1 Be7 6. e5 Nd5 7. d4 Nb6 8. Bb5
O-O 9. dxc5 Bxc5 10. Bg5 Qc7 11. Nc3 d6 12. Bxc6 Qxc6 13. Be7 d5 14. Bxf8 Bxf8
15. Ne2 Na4 16. Rb1 b5 17. Nfd4 Qb6 18. c3 Nc5 19. Ng3 b4 20. Re3 Bb7 21. cxb4
Qxb4 22. a3 Qb6 23. b4 Ne4 24. Nb3 Rd8 25. Nxe4 dxe4 26. Qe1 g6 27. Nc5 Bxc5
28. bxc5 Qc7 29. h4 h5 30. Rc1 Qc6 31. Qb4 Rd7 32. a4 a6 33. a5 Kg7 34. Qb6 Qa4
35. c6 Rd1+ 36. Rxd1 Qxd1+ 37. Kh2 Bc8 38. Rxe4 1-0

[Event "Rhodes Easter Open"]
[Site "Rhodes"]
[Date "2022.04.28"]
[Round "8.4"]
[White "Shahmammadli, Safkhan"]
[Black "Andrijashkin, Deniss"]
[Result "1/2-1/2"]
[WhiteElo "2063"]
[BlackElo "2076"]
[PlyCount "62"]
[EventDate "2022.??.??"]
[EventCountry "GRE"]
[WhiteTeam "Switzerland"]
[BlackTeam "Estonia"]
[WhiteTeamCountry "SUI"]
[BlackTeamCountry "EST"]

1. g3 g6 2. Bg2 Bg7 3. d3 c5 4. e4 Nc6 5. Nf3 e5 6. O-O Nge7 7. Nc3 O-O 8. Nd2
d6 9. Nc4 Rb8 10. a4 Be6 11. Nd5 Qd7 12. c3 f5 13. f4 exf4 14. gxf4 Bf7 15.
Nce3 Nxd5 16. Nxd5 Ne7 17. Ne3 Be6 18. Qe2 Rbe8 19. Bd2 Bh6 20. Nd1 Nc6 21. Be3
fxe4 22. dxe4 Na5 23. Qf3 Nc4 24. Bc1 Qg7 25. Qg3 Na5 26. Be3 Nc4 27. Rf2 Rf7
28. Bc1 Na5 29. Ra3 Nc4 30. Ra1 Na5 31. Ra3 Nc4 1/2-1/2

[Event "Rhodes Easter Open"]
[Site "Rhodes"]
[Date "2022.04.29"]
[Round "9.1"]
[White "Angelov, Zvetomir"]
[Black "Skytte, Rasmus"]
[Result "0-1"]
[WhiteElo "2084"]
[BlackElo "2357"]
[PlyCount "83"]
[EventDate "2022.??.??"]
[EventCountry "GRE"]
[WhiteTeam "Bulgaria"]
[BlackTeam "Denmark"]
[WhiteTeamCountry "BUL"]
[BlackTeamCountry "DEN"]

1. d4 Nf6 2. Bf4 d5 3. Nf3 c5 4. c3 Nc6 5. e3 Qb6 6. Qb3 c4 7. Qc2 Bf5 8. Qc1
Nh5 9. Bg5 h6 10. Bh4 g5 11. Bg3 e6 12. Be2 Nxg3 13. hxg3 Be7 14. Bd1 h5 15.
Bc2 Bxc2 16. Qxc2 f5 17. Nbd2 O-O-O 18. b3 cxb3 19. axb3 Kb8 20. b4 h4 21. gxh4
g4 22. Ng1 Bxh4 23. g3 Be7 24. Rxh8 Rxh8 25. Nb3 Rh1 26. Kf1 Rh2 27. Na5 Nxa5
28. Rxa5 Qc7 29. Ra2 b6 30. Ne2 Bd6 31. Ke1 Rh1+ 32. Kd2 Rf1 33. Qa4 Rxf2 34.
Qe8+ Qc8 35. Qa4 a6 36. Ke1 Rf3 37. Kd2 Bxg3 38. Ra1 Bf2 39. Rh1 Bxe3+ 40. Kd3
Qc4+ 41. Kc2 Qxe2+ 42. Kb1 0-1

[Event "Rhodes Easter Open"]
[Site "Rhodes"]
[Date "2022.04.29"]
[Round "9.2"]
[White "Goroshkov, Maksym"]
[Black "Klifoth, Kurt"]
[Result "1-0"]
[WhiteElo "2111"]
[BlackElo "2093"]
[PlyCount "59"]
[EventDate "2022.??.??"]
[EventCountry "GRE"]
[WhiteTeam "Ukraine"]
[BlackTeam "Denmark"]
[WhiteTeamCountry "UKR"]
[BlackTeamCountry "DEN"]

1. e4 c6 2. d4 d5 3. Nd2 dxe4 4. Nxe4 Nf6 5. Nxf6+ gxf6 6. c3 Bf5 7. Ne2 e6 8.
Ng3 Bg6 9. h4 h5 10. Be2 Qa5 11. b4 Qc7 12. Nxh5 Bxh5 13. Bxh5 a5 14. Qe2 Be7
15. O-O Nd7 16. g3 f5 17. Bf4 Qb6 18. Rfe1 Nf8 19. bxa5 Qxa5 20. Rab1 Qa6 21.
c4 Rh7 22. Rb3 O-O-O 23. Reb1 Rd7 24. Rb6 Qa7 25. d5 Bc5 26. dxc6 Bxb6 27.
cxd7+ Nxd7 28. Bf3 Rh8 29. c5 Nxc5 30. Qb2 1-0

[Event "Rhodes Easter Open"]
[Site "Rhodes"]
[Date "2022.04.29"]
[Round "9.3"]
[White "Krivenko, Dion"]
[Black "Yaramis, Hakan"]
[Result "1-0"]
[WhiteElo "2025"]
[BlackElo "2021"]
[PlyCount "61"]
[EventDate "2022.??.??"]
[EventCountry "GRE"]
[WhiteTeam "Estonia"]
[BlackTeam "Turkey"]
[WhiteTeamCountry "EST"]
[BlackTeamCountry "TUR"]

1. e4 c5 2. Nf3 Nc6 3. Bb5 g6 4. c3 Bg7 5. d4 cxd4 6. cxd4 Qb6 7. Nc3 e6 8. O-O
Nxd4 9. Nxd4 Qxd4 10. Qe2 Ne7 11. Be3 Qf6 12. f4 Nc6 13. e5 Qd8 14. Ne4 d5 15.
exd6 O-O 16. Bxc6 bxc6 17. Rfd1 Bd7 18. Nc5 Rb8 19. Bd4 Bxd4+ 20. Rxd4 Rb5 21.
b4 a5 22. a3 Qb6 23. Qc4 Qa7 24. Rc1 axb4 25. axb4 Rfb8 26. Qc3 Ra8 27. h3 h6
28. Kh1 e5 29. fxe5 Bf5 30. Qf3 Qa2 31. d7 1-0

[Event "Rhodes Easter Open"]
[Site "Rhodes"]
[Date "2022.04.29"]
[Round "9.4"]
[White "Shahmammadli, Safkhan"]
[Black "Toktomushev, Teimur"]
[Result "1/2-1/2"]
[WhiteElo "2063"]
[BlackElo "1946"]
[PlyCount "94"]
[EventDate "2022.??.??"]
[EventCountry "GRE"]
[WhiteTeam "Switzerland"]
[BlackTeam "Ukraine"]
[WhiteTeamCountry "SUI"]
[BlackTeamCountry "UKR"]

1. Nf3 d5 2. g3 Nf6 3. Bg2 e6 4. d3 Be7 5. O-O O-O 6. Nbd2 c5 7. e4 Nc6 8. Re1
b5 9. exd5 exd5 10. d4 Qb6 11. a4 bxa4 12. Rxa4 Bg4 13. h3 Bh5 14. Nb3 Ne4 15.
dxc5 Nxc5 16. Be3 d4 17. Bxd4 Nxd4 18. Rxd4 Nxb3 19. cxb3 Bc5 20. Rd2 Bb4 21.
g4 Bxd2 22. Nxd2 Bg6 23. Bxa8 Rxa8 24. Qf3 Rd8 25. Nc4 Qb8 26. Qe3 f6 27. Ra1
Rd3 28. Qxa7 Rd1+ 29. Kg2 Be4+ 30. f3 Qf4 31. fxe4 Qxe4+ 32. Kg3 Qe1+ 33. Kf3
Qh1+ 34. Kg3 Qe1+ 35. Kf3 Rxa1 36. Qb8+ Kf7 37. Nd6+ Ke6 38. Qe8+ Kxd6 39. Qd8+
Ke6 40. Qe8+ Kd6 41. Qd8+ Ke6 42. Qe8+ Kd5 43. Qd7+ Kc5 44. Qc7+ Kb5 45. Qb7+
Ka5 46. Qa7+ Kb5 47. Qb7+ Kc5 1/2-1/2